MyGZULibrary

Child protection / (Record no. 2714)

MARC details
000 -LEADER
fixed length control field 01265cam a2200385 i 4500
001 - CONTROL NUMBER
control field 20472402
003 - CONTROL NUMBER IDENTIFIER
control field GZU
005 - DATE AND TIME OF LATEST TRANSACTION
control field 20201105101811.0
008 - FIXED-LENGTH DATA ELEMENTS--GENERAL INFORMATION
fixed length control field 180427s2018 xnaa b 001 0 eng d
010 ## - LIBRARY OF CONGRESS CONTROL NUMBER
LC control number 2017491171
020 ## - INTERNATIONAL STANDARD BOOK NUMBER
International Standard Book Number 0340876069
Qualifying information (pbk.)
040 ## - CATALOGING SOURCE
Original cataloging agency AUTEN
Language of cataloging eng
Transcribing agency AUTEN
Modifying agency OCLCQ
-- AUTEN
-- ATSHR
-- YDX
-- OCLCF
-- DLC
042 ## - AUTHENTICATION CODE
Authentication code lccopycat
043 ## - GEOGRAPHIC AREA CODE
Geographic area code u-at---
050 00 - LIBRARY OF CONGRESS CALL NUMBER
Classification number HV713
Item number .L 2003
082 04 - DEWEY DECIMAL CLASSIFICATION NUMBER
Classification number 362.760994
Edition number 23
245 00 - TITLE STATEMENT
Title Child protection /
Statement of responsibility, etc. by Lindon Jennie.
264 #1 - PRODUCTION, PUBLICATION, DISTRIBUTION, MANUFACTURE, AND COPYRIGHT NOTICE
Place of production, publication, distribution, manufacture London. :
Name of producer, publisher, distributor, manufacturer Hodder and Stoughton Educational,
Date of production, publication, distribution, manufacture, or copyright notice [2003]
264 #4 - PRODUCTION, PUBLICATION, DISTRIBUTION, MANUFACTURE, AND COPYRIGHT NOTICE
Date of production, publication, distribution, manufacture, or copyright notice ©2018
300 ## - PHYSICAL DESCRIPTION
Extent 60 pages :
Other physical details colour illustrations ;
Dimensions 30 cm.
336 ## - CONTENT TYPE
Content type term text
Content type code txt
Source rdacontent
337 ## - MEDIA TYPE
Media type term unmediated
Media type code n
Source rdamedia
338 ## - CARRIER TYPE
Carrier type term volume
Carrier type code nc
Source rdacarrier
490 0# - SERIES STATEMENT
Series statement Issues in society ;
Volume/sequential designation 426
504 ## - BIBLIOGRAPHY, ETC. NOTE
Bibliography, etc. note Includes bibliographical references and index.
650 #0 - SUBJECT ADDED ENTRY--TOPICAL TERM
Topical term or geographic name entry element Child abuse
Geographic subdivision .
650 #0 - SUBJECT ADDED ENTRY--TOPICAL TERM
Topical term or geographic name entry element Child abuse
General subdivision Prevention.
650 #0 - SUBJECT ADDED ENTRY--TOPICAL TERM
Topical term or geographic name entry element Child welfare
Geographic subdivision .
650 #0 - SUBJECT ADDED ENTRY--TOPICAL TERM
Topical term or geographic name entry element Social work with children
Geographic subdivision Australia.
650 #0 - SUBJECT ADDED ENTRY--TOPICAL TERM
Topical term or geographic name entry element Abused children
General subdivision Services for
Geographic subdivision .
700 1# - ADDED ENTRY--PERSONAL NAME
Personal name Healey, Justin,
906 ## - LOCAL DATA ELEMENT F, LDF (RLIN)
a 7
b cbc
c copycat
d 2
e ncip
f 20
g y-gencatlg
942 ## - ADDED ENTRY ELEMENTS (KOHA)
Source of classification or shelving scheme Library of Congress Classification
Koha item type Books
Edition 2nd ed.
Classification part 713
Item part LIN
Call number prefix HV
Call number suffix 2003
Holdings
Withdrawn status Lost status Damaged status Not for loan Collection code Home library Current library Shelving location Date acquired Total Checkouts Full call number Barcode Date last seen Copy number Price effective from Koha item type
        Non-fiction City Campus Library City Campus Library General Stacks 11/05/2020   HV713 LIN 2003 B017695 11/05/2020 c.1 11/05/2020 Books